书目信息 |
| 题名: |
未来军事家丛书 第10卷:中国现代著名战役战斗(四)
|
|
| 作者: | 刘锡林 编著 | |
| 分册: | ||
| 出版信息: | 济南 黄河出版社 1997.12 |
|
| 页数: | 162页 | |
| 开本: | 32开 | |
| 丛书名: | ||
| 单 册: | ||
| 中图分类: | E-51 | |
| 科图分类: | ||
| 主题词: | 军事 | |
| 电子资源: | ||
| ISBN: | 7-80558-855-4 | |
| 000 | 00633nam0 2200193 45 | |
| 001 | 01053009 6 | |
| 005 | 20010530105814.9 | |
| 010 | @a7-80558-855-4@d6.50元 | |
| 100 | @a20010530d1997 km y0chiy0120 ea | |
| 101 | 0 | @achi |
| 105 | @a z 000yy | |
| 200 | 1 | @a未来军事家丛书 第10卷:中国现代著名战役战斗(四)@AWei Lai Jun Shi Jia Cong Shu Di 10 Juan:Zhong Guo Xian Dai Zhu Ming Zhan Yi Zhan Dou(Si)@f刘锡林编著@FLiu Xi Lin Bian Zhu |
| 210 | @a济南@c黄河出版社@d1997.12 | |
| 215 | @a162页@d32开 | |
| 606 | 0 | @a军事 |
| 690 | @aE-51@v3 | |
| 701 | 0 | @a刘锡林@4编著 |
| 801 | @aCN@bPftUser@c20010530 | |
| 905 | @dE-51@eW:349:10@b344626-630@f5 | |
| 未来军事家丛书 第10卷:中国现代著名战役战斗(四)/刘锡林编著.-济南:黄河出版社,1997.12 |
| 162页;32开 |
| ISBN 7-80558-855-4:6.50元 |
| ● |
| 相关链接 |
|
|
|
正题名:未来军事家丛书第10卷:中国现代著名战役战
索取号:E-51/W:349:10
 
预约/预借
| 序号 | 登录号 | 条形码 | 馆藏地/架位号 | 状态 | 备注 |
| 1 | 344626 | 203446262 | 社科库509/509社科库 112排2列1层/ [索取号:E-51/W:349:10] | 在馆 | |
| 2 | 344627 | 203446271 | 社科库509/509社科库 112排2列1层/ [索取号:E-51/W:349:10] | 在馆 | |
| 3 | 344628 | 203446280 | 社科库509/509社科库 112排2列1层/ [索取号:E-51/W:349:10] | 在馆 | |
| 4 | 344629 | 203446299 | 社科库509/509社科库 112排2列1层/ [索取号:E-51/W:349:10] | 在馆 | |
| 5 | 344630 | 203446306 | 社科库509/509社科库 112排2列1层/ [索取号:E-51/W:349:10] | 在馆 |